ESPN Football College GameDay Locations (2000-2024) - Statistics

General Stats
  • This quiz has been taken 87 times
  • The average score is 78 of 105
Answer Stats
Year Sport Schools % Correct
Notre Dame
98%
1994 Alabama
96%
2011 Clemson
96%
2021 Georgia
96%
Miami (FL)
96%
Ohio State
96%
Penn
96%
Penn State
96%
Texas
96%
Texas A&M
96%
USC
96%
Virginia Tech
96%
2001 Army
95%
2018 Florida
95%
LSU
95%
Michigan
95%
Michigan State
95%
Navy
95%
Oklahoma
95%
Oregon
95%
South Florida
95%
Tennessee
95%
Western Michigan
95%
2020 Florida State
93%
Washington
93%
2002 Auburn
91%
2022 Georgia Tech
91%
Kansas
91%
NC State
91%
Nebraska
91%
Oklahoma State
91%
South Carolina
91%
Texas Tech
91%
UCLA
91%
Utah
91%
Iowa
89%
Ole Miss
89%
Oregon State
89%
Wisconsin
89%
Indiana
88%
Kansas State
88%
Kentucky
88%
1998 Arizona
86%
West Virginia
86%
1999 Arizona State
84%
2008 BYU
84%
2016 Duke
84%
Iowa State
84%
Louisville
84%
Minnesota
84%
TCU
84%
1993 FB Air Force
82%
2005 Boston College
82%
Illinois
82%
Purdue
82%
2009 California
80%
North Carolina
80%
Northern Illinois
80%
Pittsburgh
80%
Washington State
80%
2000 Arkansas
79%
2003 Baylor
79%
Mississippi State
79%
Missouri
79%
Northwestern
79%
South Dakota State
79%
2010 Cincinnati
75%
2013 Colorado
75%
2004 Boise State
73%
Memphis
73%
Stanford
73%
Vanderbilt
73%
Wake Forest
71%
Houston
70%
James Madison
70%
UCF
70%
2006 Bowling Green
68%
SMU
68%
Montana
66%
Temple
64%
1997 Appalachian State
63%
Harvard
63%
Montana State
61%
North Dakota State
61%
Yale
59%
2014 Colorado State
55%
Jackson State
52%
2012 Coastal Carolina
50%
Syracuse
48%
Southern
46%
Troy
43%
NC Central
41%
2007 Buffalo
38%
Tulsa
36%
2019 Florida A&M
30%
2023 Grambling State
29%
Richmond
23%
2017 East Carolina
21%
Villanova
20%
Williams
18%
1996 Amherst
16%
1995 Alcorn State
14%
2015 Delaware State
11%
Incarnate Word
9%
2024 Hampton
7%
No matching quizzes found
Score Distribution
Percent of People with Each Score
Percentile by Number Answered
Your Score History
You have not taken this quiz